| 000 | 00672nam a2200145 a 4500 | ||
|---|---|---|---|
| 008 | 130319s2012 ||||||||||||||||| || u | ||
| 050 | _aTHESIS/PM | ||
| 100 | _aMwauluka, Namukulu | ||
| 245 | 1 | 3 |
_aAn evaluation of performance metrics and their effectiveness in measuring ICT project success: a case of Bank of Zambia _cby Namukulo Mwauluka |
| 260 |
_aKitwe: _bCopperbelt University, School of Business, Department of Postgraduate studies _c2012 |
||
| 300 | _axi, 82p.: ill. | ||
| 500 | _aBibliography | ||
| 650 | _aICTs-- BANK OF ZAMBIA | ||
| 995 |
_FCBU-MAIN LIBRARY (Kitwe) _M1 _UAVAILABLE _WMar 19, 2013 _ZUniversity Collection |
||
| 999 |
_c42676 _d42676 |
||